Outlaws in the promised land : Mexican immigrant workers and America's future /

Bibliographic Details
Main Author: Cockcroft, James D.
Format: Book
Language:English
Published: New York : Grove Press, 1986.
Edition:1st Grove Press ed.
Series:Grove Press Latin America series.
Subjects:

MARC

Tag First Indicator Second Indicator Subfields
LEADER 00000pam a2200000 a 4500
001 in00000433539
005 20151012072621.0
008 850624s1986 nyu b 00110 eng
010 |a  84073206  
020 |a 0394623657 (pbk.) :  |c $10.95 
020 |a 0394545923 (1st Evergreen ed. : hard) 
035 |a (OCoLC)12262853 
035 |9 ABW9367AM 
040 |a DLC  |c DLC  |d TXA  |d UtOrBLW 
043 |a n-us---  |a n-mx--- 
049 |a TXAM  |c [A10013701] 
050 0 0 |a HD8081.M6  |b C63 1986 
082 0 |a 331.6/2/72073  |2 19 
100 1 |a Cockcroft, James D. 
245 1 0 |a Outlaws in the promised land :  |b Mexican immigrant workers and America's future /  |c James D. Cockcroft. 
250 |a 1st Grove Press ed. 
264 1 |a New York :  |b Grove Press,  |c 1986. 
300 |a 306 pages ;  |c 24 cm. 
336 |a text  |b txt  |2 rdacontent 
337 |a unmediated  |b n  |2 rdamedia 
338 |a volume  |b nc  |2 rdacarrier 
490 1 |a Grove Press Latin America series 
490 0 |a An evergreen book 
500 |a Includes index. 
504 |a Bibliography: pages 288-298. 
650 0 |a Foreign workers, Mexican  |z United States. 
650 0 |a Foreign workers, Mexican  |z United States  |x Forecasting. 
651 0 |a United States  |x Emigration and immigration  |x Law and legislation. 
830 0 |a Grove Press Latin America series. 
999 |a MARS 
999 f f |s 0e3d824f-0840-3aa1-acac-c350c5b80c4a  |i a91ccfb4-279e-3e7a-b9e7-9b7b7a1a7f82  |t 0 
952 f f |p ric  |a Texas A&M University  |b Rellis Campus  |c Joint Library Facility  |d Remote Storage  |t 0  |e HD8081.M6 C63 1986  |h Library of Congress classification  |i unmediated -- volume  |m A14810013701 
998 f f |a HD8081.M6 C63 1986  |t 0  |l Remote Storage